000 01650cam a22004337a 4500
003 CHAP
005 20220329142821.0
008 040416s2004 mx r 00010 spa d
010 _a88217
011 _a89189
035 _a99740
040 _cCHAP
090 _aTesis
100 0 0 _aMorales Morales, Lizardi Noé.
_978352
245 1 0 _aInfluencia del tipo de suelo en el control de Phalaris Minor Retz. y avena fatua L. por tralkoxidim y clodinafop-propargil.
_c/por Lizardi Noé Morales Morales
260 _aChapingo, Méx. :
_bEl autor,
_c2004.
300 _a40 h. :
_bcuadros.
502 _aTesis (Ing. Agr. Esp. en Parasitología Agrícola) -- UACH. Departamento de Parasitología Agrícola
530 _aTambién disponible en línea
590 _aALEPH
_b10
_c20130110
_lUCH01
_h1456
590 _aBATCH-UPD
_b10
_c20130110
_lUCH01
_h0202
590 _aBATCH-UPD
_b10
_c20130110
_lUCH01
_h0911
590 _aBATCH-UPD
_b10
_c20130410
_lUCH01
_h1247
590 _aBATCH-UPD
_b10
_c20130914
_lUCH01
_h1912
590 _aBATCH-UPD
_b10
_c20140324
_lUCH01
_h1442
590 _aBATCH-UPD
_b10
_c20141002
_lUCH01
_h0820
590 _aCONVERSION
_b10
_c20130109
_lUCH01
_h1349
650 1 4 _aAlpiste.
_94638
650 1 4 _aAvena fatua.
_98557
650 1 4 _aAvena
_xMalas hierbas
_xControl.
_98531
650 1 4 _aHerbicidas.
_953691
650 1 4 _aPhalaris minor.
_987761
856 _3Finding aid
_uhttp://10.13.5.2/tesis/99740.pdf
_zTeclea aqui
901 _aBK
905 _aElisama
942 _cFOLL
949 _aTesis
_bBC
_cTES
_d33724000922464
_eTS2
_fc.2
_gDonaciØn
_h41649
_i99740
_sb
949 _aTesis
_bBC
_cTES
_d99740
_eTS1
_gDonaciØn
_h41648
_i99740
_sb
999 _c88217
_d88217